000 00595nam a2200205 4500
001 120639
003 ES-MaACL
005 20230906191607.0
007 t|
008 070214s1982 sp r ||||1| spa d
100 1 _aPolaino-Lorente, A.
_992796
245 1 0 _aIntroducción al estudio científico del autismo infantil /
_cA. Polaino-Lorente.
250 _a1ª. ed.
260 _aMadrid :
_bAlhambra,
_c1982.
300 _aIX, 204 p. ;
_c24 cm.
490 1 _aAlhambra Universidad
830 0 _aAlhambra Universidad
_9180698
852 _aES-MaACL
_jL-1802
_bR.102469
999 _c120639
_d120639